000 00637nam a22002057a 4500
005 20130916163655.0
010 _aENG-108250
020 _c995.00
_a9789380574325
035 _aEN-91783
037 _bDBAD/PUB
082 _a307.14120954
245 _aRural management in post-reform era /
_cedited by K. Nagaraja Rao, Harnam Singh [and] Anita Sukhwal
260 _aDelhi
_bBookwell
_c2012
270 _a3/79, Nirankari Colony,
_bDelhi
_e110009
300 _axvi,381p. :
_c23cm(Hb)
_bill.
700 _aRao, K. Nagaraja
700 _aHarnam Singh
700 _aSukhwal, Anita
942 _2ddc
_cEN
_mRUR
_h307.14120954
999 _c78246
_d78246